Statistiques concernant Culture Générale - Série 15

Cliquez ici pour prendre le quiz!

Statistiques générales

  • Ce quiz a été pris 2 874 fois
  • Le résultat moyen est 5 sur 10

Statistiques - réponses

QuestionRéponse% Correct
Quelle est la plus grande planète du système solaire ?Jupiter
91%
Quelle est la plus petite planète du système solaire ?Mercure
84%
Dans quel pays le Danube prend-il sa source ?Allemagne
63%
Dans quel département se trouve la ville de Grenoble ?Isère
61%
Quel explorateur donne son nom au détroit qui sépare la Russie de l'Alaska ?Béring
56%
Quel est l'emblème de l’Écosse ?Chardon
53%
Quelle est la capitale de la Moldavie ?Chisinau
51%
Quel est l'emblème du Pays de Galles ?Poireau
36%
Quel animal stridule ou craquette ?Cigale
22%
Quelle est la monnaie nationale du Viêtnam ?Dong
15%

Distribution des résultats

Percentile par nombre de réponses

% des personnes avec chaque résultat

Votre développement - résultats

Vous n’avez pas pris ce quiz